<?xml version="1.0" encoding="UTF-8"?>
<collection xmlns="http://www.loc.gov/MARC21/slim">
 <record>
  <leader>00462pamaa2200145   4500</leader>
  <controlfield tag="001">0000040889</controlfield>
  <controlfield tag="005">20090206090000.0</controlfield>
  <datafield tag="020" ind1="0" ind2="0">
   <subfield code="a">9834200900  (pbk) </subfield>
  </datafield>
  <datafield tag="090" ind1="0" ind2="0">
   <subfield code="a">JF1018 </subfield>
   <subfield code="b">TUN 2005</subfield>
  </datafield>
  <datafield tag="245" ind1="1" ind2="0">
   <subfield code="a">TUNKU Abdul Aziz fighting corruption my mission  </subfield>
   <subfield code="c">edited by S. Hadi Abdullah and K.S.Sieh.</subfield>
  </datafield>
  <datafield tag="260" ind1="0" ind2="0">
   <subfield code="a">Kuala Lumpur: </subfield>
   <subfield code="b">Konrad Adenauer Foundation, </subfield>
   <subfield code="c">2005.</subfield>
  </datafield>
  <datafield tag="300" ind1=" " ind2=" ">
   <subfield code="a">xvi, 303.; </subfield>
   <subfield code="c">24 cm.</subfield>
  </datafield>
  <datafield tag="650" ind1="0" ind2="0">
   <subfield code="a">Corruption -- </subfield>
   <subfield code="x">Politics </subfield>
  </datafield>
  <datafield tag="700" ind1="1" ind2="1">
   <subfield code="a">S. Hadi Abdullah </subfield>
  </datafield>
  <datafield tag="700" ind1="1" ind2="1">
   <subfield code="a">K.S. Sieh </subfield>
  </datafield>
 </record>
</collection>
